Piłkarze Reprezentacji Beninu - nagła śmierć - Statystyki

Ogólne statystyki
  • Ten quiz został rozwiązany 6 razy
  • Średni wynik to 2 z 10
Answers on the Grid
Answers color-coded by a green-red scale on the quiz's grid according to % correct below.
Simon Adingra
Olivier Verdon
Jim Allevinah
Sessi D'Almeida
Steve Mounié
Tosin Adarabioyo
Jodel Dossou
Ryan Sessegnon
Andréas Hountondji
Tosin Aiyegun
Jordan Ayew
Khaled Adénon
Mickaël Poté
Gaël Bigirimana
Stéphane Sessègnon
Jordan Adéoti
 
Statystyki odpowiedzi
Odpowiedź % Poprawnych
Steve Mounié
50%
Jordan Adéoti
33%
Khaled Adénon
33%
Stéphane Sessègnon
33%
Andréas Hountondji
17%
Olivier Verdon
17%
Tosin Aiyegun
17%
Jodel Dossou
0%
Mickaël Poté
0%
Sessi D'Almeida
0%
Nie znaleziono quizów pasujących do podanych kryteriów
Rozkład punktacji
Procent ludzi z każdym wynikiem
Percentyl według liczby udzielonych odpowiedzi
Twoja historia wyników
Nie rozwiązałeś tego quizu